Lebensbilder des sächsischen Adels
| Titel: | Lebensbilder des sächsischen Adels / Lars-Arne Dannenberg, Matthias Donath (Hrsg.) |
|---|---|
| Teil: | 5 |
| Veröffentlicht: | Bernstadt a.d. Eigen : Via Regia Verlag, 2021 |
| Umfang: | 120 Seiten : Illustrationen ; 24 cm |
| Format: | Buch |
| Sprache: | Deutsch |
| Schriftenreihe/ mehrbändiges Werk: |
Lebensbilder des sächsischen Adels / Lars-Arne Dannenberg, Matthias Donath (Hrsg.) ; 5 alle Bände anzeigen
Adel in Sachsen ; Band 14 Schriften der Historischen Kommission des Sächsischen Adels ; Band 3 |
| ISBN: | 9783944104416 |
| Hinweise zum Inhalt: |
Inhaltsverzeichnis
|
alg: 47979755 001A $06000:03-06-21 001B $00004:24-09-21 $t12:27:09.000 001D $00004:24-09-21 001U $0utf8 001X $00 002@ $0Afu 002C $aText $btxt $2rdacontent 002D $aohne Hilfsmittel zu benutzen $bn $2rdamedia 002E $aBand $bnc $2rdacarrier 003@ $0479797552 003O $01253629219 $aOCoLC 004A $A978-3-944104-41-6 $fBroschur 006G $01231238003 006U $021,A22 $f20210412 007A $01231238003 $aDNB 009P $qapplication/pdf $A2 $3Inhaltsverzeichnis $uhttps://d-nb.info/1231238003/04 $mB:DE-101 010@ $ager 010E $erda 011@ $a2021 $n2021 033A $pBernstadt a.d. Eigen $nVia Regia Verlag 034D $a120 Seiten 034I $a24 cm 034M $aIllustrationen 036C $aLebensbilder des sächsischen Adels $x15 $hLars-Arne Dannenberg, Matthias Donath (Hrsg.) $l5 036D $x15 $8Lebensbilder des sächsischen Adels / Lars-Arne Dannenberg ; Matthias Donath (Hrsg.) $9357044010 036E $aAdel in Sachsen $lBand 14 036E/01 $aSchriften der Historischen Kommission des Sächsischen Adels $lBand 3 045E $c943 lok: 47979755 78 exp: 47979755 78 1 #EPN 201B/01 $022-03-24 $t14:07:42.000 201C/01 $022-03-24 201U/01 $0utf8 203@/01 $01258556782 208@/01 $a22-03-24 $be 209A/01 $a/ $f000 $x00 209A/01 $ab*p $x01 220C/01 $apgar 247C/01 $82080>Marburg/Lahn, Herder-Institut, Forschungsbibliothek, Bibliographieportal $9336309341 lok: 47979755 205 exp: 47979755 205 1 #EPN 201B/01 $024-09-21 $t12:27:09.000 201C/01 $026-07-21 201U/01 $0utf8 203@/01 $0116234606X 208@/01 $a24-09-21 $bz 209A/01 $aET 2718 d, 14 $ds $f406 $x00 209B/01 $a80 $x05 209C/01 $aF 2021/271 247C/01 $8351406-7 <4/406>Marburg, Universität Marburg, Bibliothek des Hessischen Instituts für Landesgeschichte, Abt. Forschungsstelle für geschichtliche Landeskunde Mitteldeutschlands $9102595453
| LEADER | 00000cam a2200000 cc4500 | ||
|---|---|---|---|
| 001 | 479797552 | ||
| 003 | DE-603 | ||
| 005 | 20210924122709.0 | ||
| 007 | tu | ||
| 008 | 210603s2021 xx |||| | u00||u|ger | ||
| 015 | |a 21,A22 |2 dnb | ||
| 016 | 7 | |2 DE-101 |a 1231238003 | |
| 020 | |a 9783944104416 |c Broschur | ||
| 035 | |a (DE-599)DNB1231238003 | ||
| 035 | |a (OCoLC)1253629219 | ||
| 040 | |a DE-603 |b ger |c DE-603 |d DE-603 |e rda | ||
| 041 | |a ger | ||
| 084 | |a 943 |q DE-101 |2 sdnb | ||
| 245 | 0 | 0 | |a Lebensbilder des sächsischen Adels |n 5 |c Lars-Arne Dannenberg, Matthias Donath (Hrsg.) |
| 264 | 1 | |a Bernstadt a.d. Eigen |b Via Regia Verlag |c 2021 | |
| 300 | |a 120 Seiten |b Illustrationen |c 24 cm | ||
| 336 | |a Text |b txt |2 rdacontent | ||
| 337 | |a ohne Hilfsmittel zu benutzen |b n |2 rdamedia | ||
| 338 | |a Band |b nc |2 rdacarrier | ||
| 490 | 0 | |a Adel in Sachsen |v Band 14 | |
| 490 | 0 | |a Schriften der Historischen Kommission des Sächsischen Adels |v Band 3 | |
| 773 | 0 | 8 | |q 15 |w (DE-603)357044010 |
| 856 | 4 | 2 | |m B:DE-101 |q application/pdf |u https://d-nb.info/1231238003/04 |3 Inhaltsverzeichnis |
| 924 | 0 | |9 2080 |a (DE-603)1258556782 |b DE-2080 |c HES |d d |g / | |
| 924 | 0 | |9 4/406 |a (DE-603)116234606X |b DE-4-406 |c HES |d d |g ET 2718 d, 14 | |
alle Bände anzeigen

